| 000 -LEADER |
| fixed length control field |
01475cam a2200409Mi 4500 |
| 001 - CONTROL NUMBER |
| control field |
.b15581901 |
| 003 - CONTROL NUMBER IDENTIFIER |
| control field |
OCoLC |
| 005 - DATE AND TIME OF LATEST TRANSACTION |
| control field |
20230112091101.0 |
| 008 - FIXED-LENGTH DATA ELEMENTS--GENERAL INFORMATION |
| fixed length control field |
161121s2013 enka b 000 0 eng d |
| 020 ## - INTERNATIONAL STANDARD BOOK NUMBER |
| International Standard Book Number |
9781406352337 |
| Qualifying information |
(pbk.) : |
| 035 ## - SYSTEM CONTROL NUMBER |
| System control number |
(OCoLC)890248877 |
| 040 ## - CATALOGING SOURCE |
| Original cataloging agency |
AU@ |
| Language of cataloging |
eng |
| Transcribing agency |
AU@ |
| Modifying agency |
OCLCO |
| -- |
OCLCF |
| -- |
OCLCQ |
| -- |
TWWZU |
| -- |
KH8 |
| 041 0# - LANGUAGE CODE |
| Language code of text/sound track or separate title |
eng |
| 042 ## - AUTHENTICATION CODE |
| Authentication code |
nbic |
| 082 0# - DEWEY DECIMAL CLASSIFICATION NUMBER |
| Classification number |
823.914 BRO |
| 100 1# - MAIN ENTRY--PERSONAL NAME |
| Personal name |
Browne, Anthony. |
| Relator term |
author |
| 245 10 - TITLE STATEMENT |
| Title |
Gorilla / |
| Statement of responsibility, etc. |
Anthony Browne. |
| 250 ## - EDITION STATEMENT |
| Edition statement |
30th anniversary edition. |
| 260 ## - PUBLICATION, DISTRIBUTION, ETC. |
| Date of publication, distribution, etc. |
2013. |
| 264 #1 - PRODUCTION, PUBLICATION, DISTRIBUTION, MANUFACTURE, AND COPYRIGHT NOTICE |
| Place of production, publication, distribution, manufacture |
London : |
| Name of producer, publisher, distributor, manufacturer |
Walker Books, |
| Date of production, publication, distribution, manufacture, or copyright notice |
2013. |
| 300 ## - PHYSICAL DESCRIPTION |
| Extent |
32 unnumbered pages : |
| Other physical details |
colour illustrations ; |
| Dimensions |
23 x 29 cm. |
| 336 ## - CONTENT TYPE |
| Content type term |
text |
| Content type code |
txt |
| Source |
rdacontent. |
| 336 ## - CONTENT TYPE |
| Content type term |
still image |
| Content type code |
sti |
| Source |
rdacontent. |
| 337 ## - MEDIA TYPE |
| Media type term |
unmediated |
| Media type code |
n |
| Source |
rdamedia. |
| 338 ## - CARRIER TYPE |
| Carrier type term |
volume |
| Carrier type code |
nc |
| Source |
rdacarrier. |
| 500 ## - GENERAL NOTE |
| General note |
N.S.W. Premier's Reading Challenge ; challenge level : K-2. |
| 520 ## - SUMMARY, ETC. |
| Summary, etc. |
Neglected by her busy father, a lonely young girl receives a toy gorilla for her birthday and together they take a miraculous trip to the zoo. |
| 534 ## - ORIGINAL VERSION NOTE |
| Introductory phrase |
Originally published |
| Publication, distribution, etc. of original |
London: Julia MacRae Books, 1983. |
| 586 ## - AWARDS NOTE |
| Awards note |
Winner of the Kate Greenaway Medal. |
| 586 ## - AWARDS NOTE |
| Awards note |
Winner of the Kurt Maschler Award. |
| 650 #0 - SUBJECT ADDED ENTRY--TOPICAL TERM |
| Topical term or geographic name entry element |
Gorilla |
| Form subdivision |
Fiction. |
| 650 #0 - SUBJECT ADDED ENTRY--TOPICAL TERM |
| Topical term or geographic name entry element |
Dreams |
| Form subdivision |
Fiction. |
| 650 #7 - SUBJECT ADDED ENTRY--TOPICAL TERM |
| Topical term or geographic name entry element |
Dreams. |
| Source of heading or term |
fast |
| Authority record control number or standard number |
(OCoLC)fst01198490. |
| 650 #7 - SUBJECT ADDED ENTRY--TOPICAL TERM |
| Topical term or geographic name entry element |
Gorilla. |
| Source of heading or term |
fast |
| Authority record control number or standard number |
(OCoLC)fst00944991. |
| 655 #7 - INDEX TERM--GENRE/FORM |
| Genre/form data or focus term |
Fiction. |
| Source of term |
fast |
| Authority record control number or standard number |
(OCoLC)fst01423787. |
| 942 ## - ADDED ENTRY ELEMENTS (KOHA) |
| Source of classification or shelving scheme |
|
| Koha item type |
Books - Non Ficton |